000 00342nam a22001337a 4500
020 _a0571048390
040 _cnust
082 _a004
_bLON'I
100 _aLondon, Keith
_9122558
245 _aINTRODUCTION TO COMPUTERS
260 _aLondon:
_bFaber and Faber Limited,
_c1973.
650 _aINTRODUCTION TO COMPUTERS
_994429
942 _2ddc
_cBK
999 _c609025
_d609025